| 000 | 00635nam a2200193 a 4500 | ||
|---|---|---|---|
| 005 | 20240919064340.0 | ||
| 008 | 991125s1957 mx 000 0 spa u | ||
| 035 | _aUPN01000058672 | ||
| 049 | _aCG | ||
| 050 | 4 |
_aH89 _bA8.8 |
|
| 111 | 2 |
_aAsamblea General Ordinaria de Accionistas _n(23a : _d1957 : _cMéxico) |
|
| 245 | 1 | 0 | _aVigésima tercera asamblea general ordinaria de accionistas. |
| 260 |
_aMéxico : _bNacional Financiera, _c1957. |
||
| 300 | _a255 p., [1] h. pleg. | ||
| 500 | _aTítulo de la cubierta: Informe anual 1957 | ||
| 650 | 4 |
_aEconomía _911541 |
|
| 651 | 4 |
_aMéxico _xCondiciones económicas _95661 |
|
| 905 | _aLibro | ||
| 999 |
_c58672 _d58672 |
||